LDR 00617naa#a2200169#i#450# 001 EN\\bibl\120976 005 20260605055316.5 011 ## _a2073-0454 100 ## _a20251015b2025####ek#y0engy0150####ca 102 ## _aRU 200 1# _aWitness safety as an object of criminal law protection _eJournal article 210 1# _aMoscow _cMoscow University of the Ministry of Internal Affairs of Russia named after V.Ya. Kikot _d2025 215 ## _a4 с. 608 ## _aJournal article _2local 675 ## _aУмышленное телесное повреждение. 343.615.1 _z 700 #1 _aGel'dibaev _gMovlad Hasievich 856 4# _amosumvd.editorum.ru _u